| 000 | 02937cam a2200409 a 4500 | ||
|---|---|---|---|
| 001 | 15106626 | ||
| 005 | 20170105102839.0 | ||
| 008 | 071207s2008 flua b 001 0 eng | ||
| 010 | _a 2007050385 | ||
| 015 |
_aGBA825574 _2bnb |
||
| 016 | 7 |
_a014537401 _2Uk |
|
| 020 | _a9781420077735 (alk. paper) | ||
| 020 | _a1420077732 (alk. paper) | ||
| 035 | _a(OCoLC)ocn183879763 | ||
| 035 |
_a(OCoLC)183879763 _z(OCoLC)183259087 |
||
| 040 |
_aDLC _cDLC _dBAKER _dYDXCP _dUKM _dBTCTA _dC#P _dBWX _dCDX _dDLC |
||
| 043 | _an-us--- | ||
| 050 | 0 | 0 |
_aHV6432 _b.T4453 2008 |
| 082 | 0 | 0 |
_a363.325 _222 |
| 245 | 0 | 0 |
_aTerrorism and homeland security : _bthinking strategically about policy / _cedited by Paul R. Viotti, Michael A. Opheim, Nicholas Bowen. |
| 260 |
_aBoca Raton : _bCRC Press/Taylor & Francis Group, _cc2008. |
||
| 300 |
_axxvi, 325 p. : _bill. ; _c24 cm. |
||
| 504 | _aIncludes bibliographical references (p. 275-289) and index. | ||
| 505 | 0 | _aToward a comprehensive strategy for terrorism and homeland security / Paul R. Viotti -- The search for national and homeland security : an integrated grand strategy / Robert H. Dorff -- Assured vulnerability : homeland security and the cold war legacy of defenselessness / David Goldfischer -- Terrorism and deterrence by denial / James M. Smith and Brent J. Talbot -- The importance of multinational and transnational cooperation strategies for homeland security / Veronica M. Kitchen and Gregory J. Moore -- WMD terrorism : new threats, revised responses / Jeffrey A. Larsen and James J. Wirtz -- Nuclear and radioactive threats to homeland security : prevention and response / Fred L. Wehling and Jeremy Tamsett -- Comparative risk analysis : biological terrorism, pandemics, and other "forgotten" catastrophic disaster threats / Terrence M. O'Sullivan -- Homeland security strategy and policy choices : a local government perspective / Greg Moser -- Democracy, civil society and the damage-limitation component of strategy / Alexander C. Diener and Timothy W. Crawford -- Transportation as a component of homeland security strategy / Joseph S. Szyliowicz -- Redefining U.S. energy security in the twenty-first century / Kevin King -- Afterword: terrorism and securing the homeland / Michael A. Opheim and Nicholas H. Bowen. | |
| 650 | 0 |
_aTerrorism _zUnited States _xPrevention. |
|
| 650 | 0 |
_aTerrorism _xGovernment policy _zUnited States. |
|
| 650 | 0 |
_aWeapons of mass destruction _xGovernment policy _zUnited States. |
|
| 650 | 0 |
_aInternal security _zUnited States. |
|
| 650 | 0 |
_aCivil defense _zUnited States. |
|
| 700 | 1 | _aViotti, Paul R. | |
| 700 | 1 |
_aOpheim, Michael A., _d1968- |
|
| 700 | 1 |
_aBowen, Nicholas, _d1979- |
|
| 856 | 4 | 1 |
_3Table of contents only _uhttp://www.loc.gov/catdir/toc/ecip086/2007050385.html |
| 906 |
_a7 _bcbc _corignew _d1 _eecip _f20 _gy-gencatlg |
||
| 942 |
_2ddc _cBK |
||
| 999 |
_c13814 _d13814 |
||